000 00952nam a22002537a 4500
999 _c64725
_d64725
005 20240530110747.0
008 181204s2018 ua g b 000 0 ara d
017 _a2017/9695
_bمصر. دار الكتب
020 _a9789778121278
040 _aEG-CaGPL
_cEG-CaGPL
082 0 4 _221
_a390.2 /
_bق/ع م
100 0 _aعبدالقادر مبارك
245 1 2 _aالمرأة السيناوية تراث بدوى وواقع اسير /
_cعبدالقادر مبارك
250 _aط.1
260 _aالقاهرة :
_bالمكتب العربى للمعارف،
_c2018.
300 _a170 ص. ؛
_c24 سم.
504 _aيشتمل على ارجاعات ببليوجرافية
650 0 7 _2qrmak
_aالعادات والتقتاليد
650 0 7 _2qrmak
_aالمجتمعات البدائية
650 0 7 _2qrmak
_aالعلاقات الاجتماعية
651 _2qrmak
942 _2ddc
_cBK